00564nam a2200157 a 450000100060000000300090000600800410001504000280005608200180008410000320010224500640013426000680019830000190026650000950028565000260038016846CO-ViMGA141112s2004 ck r 000 u spa d aCO-ViMGAbspacCO-ViMGA04a631.5892 H4371 aRodriguez Delfín, Alfredo10aHidroponía comercial . Una buena opción en agronegocios aLima (Perú), cUniversidad Nacional Agraria la Molina, c1997 a170.p.il.fotos aConferencia Internacional de hidroponía comercial Agosto 6 - 8 de 1997, Lima (Perú). 14aCULTIVOS HIDROPONICOS